| 000 | 01650cam a2200385 a 4500 | ||
|---|---|---|---|
| 001 | 7461513 | ||
| 003 | ARRUPE | ||
| 005 | 20131104170652.0 | ||
| 008 | 090303s2009 mau b 001 0 eng | ||
| 010 | _a 2009009160 | ||
| 020 | _a9781598563238 (alk. paper) | ||
| 020 | _a1598563238 (alk. paper) | ||
| 024 | _a99937688685 | ||
| 035 | _a(OCoLC)314379093 | ||
| 035 | _a(OCoLC)ocn314379093 | ||
| 035 | _a(NNC)7461513 | ||
| 040 |
_aDLC _cDLC _dBTCTA _dXBE _dIMC _dOrLoB-B |
||
| 043 | _aaw----- | ||
| 050 | 0 | 0 |
_aBR1085.A58 _bR63 2009 |
| 100 | 1 |
_aRobinson, Thomas A. _q(Thomas Arthur), _d1951- _93134 |
|
| 245 | 1 | 0 |
_aIgnatius of Antioch and the parting of the ways : _bearly Jewish-Christian relations / _cby Thomas A. Robinson. |
| 260 |
_aPeabody, Mass. : _bHendrickson Publishers, Inc., _c2009. |
||
| 300 |
_axiv, 285 p. ; _c23 cm. |
||
| 504 | _aIncludes bibliographical references (p. [243]-265) and indexes. | ||
| 505 | 0 | 0 |
_gCh. 1. _tAntioch : the city and its people -- _gCh. 2. _tChristian conversion in Antioch -- _gCh. 3. _tIgnatius in Antioch -- _gCh. 4. _tReligious and ethnic tensions in Antioch -- _gCh. 5. _tThe "peace" in Antioch -- _gCh. 6. _tBoundaries, identity, and labels. |
| 600 | 0 | 0 |
_aIgnatius, _cSaint, Bishop of Antioch, _d-approximately 110. _93135 |
| 650 | 0 |
_aJudaism (Christian theology) _xHistory of doctrines. _93136 |
|
| 650 | 0 |
_aChristianity and other religions _xJudaism. _93137 |
|
| 650 | 0 |
_aJudaism _xRelations _xChristianity. _93138 |
|
| 651 | 0 |
_aAntioch (Turkey) _xChurch history. _93139 |
|
| 900 | _bTOC | ||
| 942 |
_2lcc _cMONOGRAPH |
||
| 948 | 1 |
_a20091111 _bc _csl13 _dMPS |
|
| 948 | 2 |
_a20100608 _ba _cjeb52 _dMPS |
|
| 999 |
_c118490 _d118490 |
||